|
|
|
|
| LEADER |
01436nam a2200361 a 4500 |
| 001 |
15683524 |
| 003 |
BD-DhAAL |
| 005 |
20230525144046.0 |
| 008 |
110125s2008 it a b 000 0 eng d |
| 010 |
|
|
|a 2009277764
|
| 020 |
|
|
|a 9788861301436 (hbk.)
|
| 020 |
|
|
|a 8861301436 (hbk.)
|
| 040 |
|
|
|a UKM
|c UKM
|d BTCTA
|d BAKER
|d YDXCP
|d ERASA
|d BWX
|d OCLCQ
|d DLC
|d BD-DhAAL
|
| 041 |
1 |
|
|a eng
|
| 042 |
|
|
|a lccopycat
|
| 082 |
0 |
4 |
|a 720.222
|2 22
|
| 100 |
1 |
|
|a Rossi, Aldo,
|d 1931-1997.
|9 32021
|
| 240 |
1 |
0 |
|a Aldo Rossi.
|l English
|
| 245 |
1 |
0 |
|a Aldo Rossi :
|b drawings /
|c edited by Germano Celant.
|
| 250 |
|
|
|a 1st ed.
|
| 260 |
|
|
|a Milano :
|b Skira ;
|a New York :
|b Distributed in North America by Rizzoli International Publications,
|c 2008.
|
| 300 |
|
|
|a 302 p. :
|b ill. (chiefly col.) ;
|c 29 cm.
|
| 504 |
|
|
|a Includes bibliographical references (p. 301-302).
|
| 504 |
|
|
|a "Selected bibliography of writings by Aldo Rossi": p. 295-297.
|
| 526 |
|
|
|a ARC
|
| 541 |
1 |
|
|e 00021674
|
| 600 |
1 |
0 |
|a Rossi, Aldo,
|d 1931-1997
|v Catalogs.
|9 32022
|
| 650 |
|
0 |
|a Architectural drawing
|z Italy
|y 20th century
|v Catalogs.
|9 32023
|
| 700 |
1 |
|
|a Celant, Germano.
|9 32024
|
| 852 |
|
|
|a Ayesha Abed Library
|c General Shelf.
|
| 942 |
|
|
|2 ddc
|c BK
|
| 999 |
|
|
|c 10402
|d 10402
|
| 952 |
|
|
|0 0
|1 0
|2 ddc
|4 0
|6 720_222000000000000_ROS
|7 0
|9 14222
|a BRACUL
|b BRACUL
|c GEN
|d 2011-01-27
|e Zeenat Book Supply Ltd.
|g 6500.00
|l 4
|m 25
|o 720.222 ROS
|p 3010021674
|r 2026-03-29
|s 2026-03-05
|t 1
|w 2011-01-27
|y BK
|